Statistiques concernant Acteurs en N (par images).

Cliquez ici pour prendre le quiz!

Statistiques générales

  • Ce quiz a été pris 168 fois
  • Le résultat moyen est 7 sur 14

Statistiques - réponses

Réponse% Correct
Pierre Niney
93%
Isabelle Nanty
71%
Chuck Norris
67%
Jack Nicholson
65%
Géraldine Nakache
61%
Samy Naceri
58%
Liam Neeson
55%
Edward Norton
53%
Philippe Noiret
39%
Thomas Ngijol
37%
Paul Newman
27%
Nick Nolte
12%
Sam Neill
11%
Thierry Neuvic
9%

Distribution des résultats

Percentile par nombre de réponses

% des personnes avec chaque résultat

Votre développement - résultats

Vous n’avez pas pris ce quiz